000 00751nam a2200241 a 4500
001 BRCA_8154
005 20190320210145.0
008 020514s1959----ne-a###f##---#001-0#fre-#
041 _afre
044 _ane
050 4 _aNK4295
_b.D67
_c1959
100 1 _aDos Santos Simoes, J. M.
_920318
245 1 0 _aCarreaux céramique hollandais
_bau Portugal et en Espagne
_cJ. M. Dos Santos Simoes.
260 _aLa Haya
_bMartinus Nijhoff
_c1959
300 _a142 p.
_bil. a color, 39 láminas, mapas
_c31 cm.
500 _aX44
504 _aBibliografía p. 131-132
650 1 4 _aAzulejos holandeses
_919418
651 4 _aPortugal
_vCerámicas y porcelanas
_920319
651 4 _aEspaña
_vCerámicas y porcelanas
_920320
902 _aGFM
942 _2lcc
_cB
999 _c7822
_d7822